Getting things done : (Record no. 3079)

000 -LEADER
fixed length control field aam a22 a 4500
003 - CONTROL NUMBER IDENTIFIER
control field AKMAL
005 - DATE AND TIME OF LATEST TRANSACTION
control field 20170519110751.0
008 - FIXED-LENGTH DATA ELEMENTS--GENERAL INFORMATION
fixed length control field 170519s1984 si a 00 eng d
039 #9 - LEVEL OF BIBLIOGRAPHIC CONTROL AND CODING DETAIL [OBSOLETE]
Level of rules in bibliographic description 200603301630
Level of effort used to assign nonsubject heading access points marzihan
040 ## - CATALOGING SOURCE
Original cataloging agency AKMAL
Transcribing agency AKMAL
049 00 - LOCAL HOLDINGS (OCLC)
Holding library bgkpma
082 04 - DEWEY DECIMAL CLASSIFICATION NUMBER
Classification number 658.3 BLI
Edition number 21
090 20 - LOCALLY ASSIGNED LC-TYPE CALL NUMBER (OCLC); LOCAL CALL NUMBER (RLIN)
Classification number (OCLC) (R) ; Classification number, CALL (RLIN) (NR) 658.3
Local cutter number (OCLC) ; Book number/undivided call number, CALL (RLIN) BLI
100 1# - MAIN ENTRY--PERSONAL NAME
Personal name Bliss, Edwin C.
9 (RLIN) 6390
245 10 - TITLE STATEMENT
Title Getting things done :
Remainder of title the ABCS of time management /
Statement of responsibility, etc. Edwin C. Bliss
260 ## - PUBLICATION, DISTRIBUTION, ETC.
Place of publication, distribution, etc. Singapore :
Name of publisher, distributor, etc. Federal Publications ,
Date of publication, distribution, etc. 1984
300 00 - PHYSICAL DESCRIPTION
Extent 144p. :
Other physical details ill. ;
Dimensions 19cm.
490 0# - SERIES STATEMENT
Series statement Management for everyone
650 #0 - SUBJECT ADDED ENTRY--TOPICAL TERM
Topical term or geographic name entry element Time management
9 (RLIN) 1213
700 1# - ADDED ENTRY--PERSONAL NAME
Personal name Hancock, Malcolm
9 (RLIN) 6391
700 1# - ADDED ENTRY--PERSONAL NAME
Personal name Lim, Han Seng
9 (RLIN) 6392
942 ## - ADDED ENTRY ELEMENTS (KOHA)
Source of classification or shelving scheme
Koha item type Book
Holdings
Withdrawn status Lost status Source of classification or shelving scheme Damaged status Not for loan Collection code Home library Current library Date acquired Inventory number Total Checkouts Full call number Barcode Date last seen Price effective from Koha item type
          NON-FICTION AKMAL Melaka AKMAL Melaka 19.05.2017 600144   658.3 BLI 201703706 19.05.2017 19.05.2017 Book
Pusat Sumber Maklumat Dato' Haji Sarmin Md Hussin, Akademi Kastam Diraja Malaysia, Melaka
Tel: 06-2331106 | Faks: 06-2313787